Happier Than Ever - Billie Eilish Album Tracklist - Statistics

General Stats
  • This quiz has been taken 648 times
  • The average score is 9 of 16
Answer Stats
Track % Correct
1 Getting Older
95%
2 I Didn't Change My Number
82%
3 Billie Bossa Nova
73%
4 my future
67%
5 Oxytocin
63%
6 GOLDWING
57%
15 Happier Than Ever
54%
16 Male Fantasy
53%
7 Lost Cause
48%
8 Halley's Comet
45%
13 NDA
41%
14 Therefore I Am
40%
9 Not My Responsibility
38%
10 OverHeated
37%
12 Your Power
35%
11 Everybody Dies
29%
No matching quizzes found
Score Distribution
Percent of People with Each Score
Percentile by Number Answered
Your Score History
You have not taken this quiz